ইতিহাস ও ঐতিহাসিক / (Record no. 54845)
[ view plain ]
| 000 -LEADER | |
|---|---|
| fixed length control field | 00835nam a2200229 a 4500 |
| 001 - CONTROL NUMBER | |
| control field | 54845 |
| 003 - CONTROL NUMBER IDENTIFIER | |
| rucl marc code | BD-RjUL |
| 005 - DATE AND TIME OF LATEST TRANSACTION | |
| control field | 20211209080157.0 |
| 008 - FIXED-LENGTH DATA ELEMENTS--GENERAL INFORMATION | |
| fixed length control field | 161112s1981 bg ||||| |||| 00| 0 ben d |
| 020 ## - INTERNATIONAL STANDARD BOOK NUMBER | |
| Terms of availability | : Tk.15.00 |
| 035 ## - SYSTEM CONTROL NUMBER | |
| System control number | (BD-RjUL)54967 |
| 040 ## - CATALOGING SOURCE | |
| Original cataloging agency | BD-RjUL |
| Language of cataloging | ben |
| Transcribing agency | BD-RjUL |
| Modifying agency | BD-RjUL |
| 041 ## - LANGUAGE CODE | |
| Language code of text/sound track or separate title | ben |
| 082 ## - DEWEY DECIMAL CLASSIFICATION NUMBER | |
| Edition number | 23 |
| Classification number | 954.14 |
| Author mark and year | TAI 1981 |
| 100 ## - MAIN ENTRY--PERSONAL NAME | |
| Personal name | তরফদার, মমতাজুর রহমান |
| 9 (RLIN) | 147308 |
| 245 10 - TITLE STATEMENT | |
| Title | ইতিহাস ও ঐতিহাসিক / |
| Statement of responsibility, etc. | মমতাজুর রহমান তরফদার, |
| 260 ## - PUBLICATION, DISTRIBUTION, ETC. (IMPRINT) | |
| Place of publication, distribution, etc. | ঢাকা : |
| Name of publisher, distributor, etc. | বাংলা একাডেমী, |
| Date of publication, distribution, etc. | ১৯৮১ |
| 300 ## - PHYSICAL DESCRIPTION | |
| Pagination | ১৪২ পৃ. ; |
| Size | ২১ সেমি. |
| 651 ## - SUBJECT ADDED ENTRY--GEOGRAPHIC NAME | |
| Geographic name | বাংলা (ভারত) |
| Form subdivision | ইতিহাস |
| 9 (RLIN) | 163487 |
| Geographic name | Bengal (India) |
| Form subdivision | History |
| 9 (RLIN) | 163181 |
| 942 ## - ADDED ENTRY ELEMENTS (KOHA) | |
| Source of classification or shelving scheme | Dewey Decimal Classification |
| Koha item type | Books |
| Lost status | Source of classification or shelving scheme | Damaged status | Not for loan | Collection code | Permanent Location | Current Location | Shelving location | Date acquired | Source of acquisition | Cost, normal purchase price | Total Checkouts | Full call number | Date last seen | Date checked out | Copy number | Koha item type |
|---|---|---|---|---|---|---|---|---|---|---|---|---|---|---|---|---|
| Dewey Decimal Classification | Non-fiction | Central Library, University of Rajshahi | Central Library, University of Rajshahi | 26/06/1990 | Bangla Academy, Dhaka. | 15.00 | 4 | B 954.14 TAI 1981 | 17/12/2024 | 28/11/2024 | C-2 | Books | ||||
| Dewey Decimal Classification | Not For Loan | Non-fiction | Central Library, University of Rajshahi | Central Library, University of Rajshahi | Reading Room | 29/12/1984 | Bangla Academy , Dhaka | 15.00 | B 954.14 TAI 1981 | 19/02/2017 | C-1 | Books | ||||
| Dewey Decimal Classification | Non-fiction | Central Library, University of Rajshahi | Central Library, University of Rajshahi | 07/08/1983 | Aligarh library,rajshahi | 15.00 | B 954.14 TAI 1981 | 02/05/2017 | C-3 | Books |